000
00240nam a2200097Ia 4500
001
737771
005
20250826163938.0
008
250824s9999 xx 000 0 und d
245
0
_a
İSTANBUL PERİSİ
_c
BETÜL AVUNÇ
260
_b
TUDEM YAYINLARI
999
_c
737771
_d
737771